<?xml version="1.0" encoding="UTF-8"?>
<marc:record xmlns:marc="http://www.loc.gov/MARC21/slim">
   <marc:leader>00000nam a2200000 a 4500</marc:leader>
   <marc:datafield ind1="1" ind2=" " tag="100">
      <marc:subfield code="a">McCafferty, Megan</marc:subfield>
      <marc:subfield code="4">aut</marc:subfield>
      <marc:subfield code="e">Verfasser/-in</marc:subfield>
   </marc:datafield>
   <marc:datafield ind1=" " ind2=" " tag="653">
      <marc:subfield code="a">Ferienlager</marc:subfield>
   </marc:datafield>
   <marc:datafield ind1=" " ind2=" " tag="653">
      <marc:subfield code="a">Weibliche Jugend</marc:subfield>
   </marc:datafield>
   <marc:datafield ind1=" " ind2=" " tag="653">
      <marc:subfield code="a">Erste Liebe</marc:subfield>
   </marc:datafield>
   <marc:datafield ind1=" " ind2=" " tag="653">
      <marc:subfield code="a">Tagebuch</marc:subfield>
   </marc:datafield>
   <marc:datafield ind1=" " ind2=" " tag="653">
      <marc:subfield code="a">Softcover / Kinder- und Jugendbücher/Jugendbücher ab 12 Jahre</marc:subfield>
   </marc:datafield>
   <marc:datafield ind1=" " ind2=" " tag="653">
      <marc:subfield code="a">Jugendbuch</marc:subfield>
   </marc:datafield>
   <marc:datafield ind1="0" ind2="0" tag="245">
      <marc:subfield code="a">Zweite Versuche</marc:subfield>
   </marc:datafield>
   <marc:datafield ind1="0" ind2="0" tag="245">
      <marc:subfield code="c">McCafferty, Megan</marc:subfield>
   </marc:datafield>
   <marc:datafield ind1=" " ind2="1" tag="264">
      <marc:subfield code="a">Hamburg</marc:subfield>
      <marc:subfield code="b">Carlsen</marc:subfield>
      <marc:subfield code="c">2010</marc:subfield>
   </marc:datafield>
   <marc:datafield ind1="1" ind2=" " tag="520">
      <marc:subfield code="a">Angaben aus der Verlagsmeldung

Jessica-Darling-Serie, Band 2: Zweite Versuche / von Megan McCafferty

Jessica Darling will endlich ihrer Kleinstadt entkommen und ein neues Leben beginnen!
Aber zuerst muss sie noch das letzte Schuljahr überstehen, und das ohne ihre beste Freundin Hope. Dabei ist Hope der einzige Mensch, der sie versteht - außer Markus vielleicht, doch den muss sie sich jetzt endlich aus dem Kopf schlagen.
Aber auch ihre College-Bewerbungen machen Jessica Kopfzerbrechen. Ihr selbst ist zwar sonnenklar, wo sie hinwill: nach New York! Aber werden das ihre überängstlichen Eltern erlauben?

Jessica Darling (ein Name, den sie sich selbst nicht ausgesucht hätte!) vertraut in schlaflosen Nächten die Betrachtungen ihres hyperaktiven Hirns ihrem Tagebuch an – und zwar mit Witz und Verzweiflung, Sarkasmus und scharfer Beobachtungsgabe, aber immer mit Herz.

Süchtigmachend!
</marc:subfield>
   </marc:datafield>
   <marc:datafield ind1=" " ind2=" " tag="020">
      <marc:subfield code="a">9783551582058</marc:subfield>
      <marc:subfield code="9">9783551582058</marc:subfield>
   </marc:datafield>
   <marc:datafield ind1=" " ind2=" " tag="041">
      <marc:subfield code="a">ger</marc:subfield>
   </marc:datafield>
   <marc:datafield ind1=" " ind2=" " tag="300">
      <marc:subfield code="a">473 S.</marc:subfield>
   </marc:datafield>
</marc:record>
